Southville International School and Colleges
Your cart is empty.
  • Cart
  • Lists
    Public lists Eva Luna New books Lux_list list_1
    Your lists Log in to create your own lists
  • Log in to your account
  • Your cookies
  • Search history
Southville International School and Colleges
  • Advanced search
  • Recent comments
  • Most popular
  • Libraries

Log in to your account

Log in with GOOGLE


If you do not have an external account, but do have a local account, you can still log in:

  1. Home
  2. MARC view: Where Jesus lived /
Normal view MARC view ISBD view

Where Jesus lived / (Record no. 111933)

[ view plain ]
MARC details
000 -LEADER
fixed length control field 00354nam a2200145 a 4500
001 - CONTROL NUMBER
control field 0599
005 - DATE AND TIME OF LATEST TRANSACTION
control field 20140414131924.0
008 - FIXED-LENGTH DATA ELEMENTS--GENERAL INFORMATION
fixed length control field 040201s19uu xx 00 eng d
050 ## - LIBRARY OF CONGRESS CALL NUMBER
Classification number ER
Item number W56 1977
100 ## - MAIN ENTRY--PERSONAL NAME
Personal name Watson, Jane
245 ## - TITLE STATEMENT
Title Where Jesus lived /
Statement of responsibility, etc Jane Watson.
260 ## - PUBLICATION, DISTRIBUTION, ETC. (IMPRINT)
Place of publication, distribution, etc U.S.A :
Name of publisher, distributor, etc Golden,
Date of publication, distribution, etc 1977.
300 ## - PHYSICAL DESCRIPTION
Extent p. ; cm.
Holdings
Withdrawn status Lost status Damaged status Use restrictions Home library Current library Shelving location Date acquired Source of acquisition Total Checkouts Full call number Barcode Date last seen Price effective from Koha item type
        Munich Library Munich Library Easy Reading Section 02/01/2004     ER W56 1977 M2900 04/14/2014 04/14/2014 Books

Where Jesus lived /

APA

Watson J., . (1977). Where Jesus lived. U.S.A: Golden.

Chicago

Watson Jane, . 1977. Where Jesus lived. U.S.A: Golden.

Harvard

Watson J., . (1977). Where Jesus lived. U.S.A: Golden.

MLA

Watson Jane, . Where Jesus lived. U.S.A: Golden. 1977.

  • Place hold
  • Print
  • Cite
  • Add to your cart (remove)
  • Save record
    BIBTEX Dublin Core MARCXML MARC (non-Unicode/MARC-8) MARC (Unicode/UTF-8) MARC (Unicode/UTF-8, Standard) MODS (XML) RIS
  • More searches
    Search for this title in:
    Other Libraries (WorldCat) Other Databases (Google Scholar) Online Stores (Bookfinder.com) Open Library (openlibrary.org)

Exporting to Dublin Core...

SOUTHVILLE LIBRARY

Southville International School and Colleges Library

1281 Tropical Ave. Cor. Luxembourg St., BF Homes International, Las Pinas City

Tel. No. 8256374 / 252358 Loc. 117/146

Powered by Koha